00447 2200181 4500001002100000005001500021008004100036020002200077035001900099041000700118082001000125090001600135100002000151245003100171260002900202300001900231650001500250INLIS00000000001829420241224115457241224||||||||| | ||| |||| || |  a978-602-8800-46-4 0010-1224018294 aid0 a721.5 a721.5 IDE r0 aIden Wildensyah00aRANGKAIAN ATAP BAJA RINGAN aBandungbALFABETA.c2013 a164hlm;15x20cm 0aArsitektur